The sixteenth Conference of Financial Institutions Held at Arusha International Conference Centre (AICC) Arusha Tanzania (Record no. 7026)

000 -LEADER
fixed length control field 00561nam a22001217a 4500
008 - FIXED-LENGTH DATA ELEMENTS--GENERAL INFORMATION
fixed length control field 200415b ||||| |||| 00| 0 eng d
100 ## - MAIN ENTRY--PERSONAL NAME
Personal name Bank of Tanzania
245 ## - TITLE STATEMENT
Title The sixteenth Conference of Financial Institutions Held at Arusha International Conference Centre (AICC) Arusha Tanzania
Remainder of title Theme Financial Innovations and Financial Inclussion in Tanzania
Statement of responsibility, etc. Bank of Tanzania
Medium English
260 ## - PUBLICATION, DISTRIBUTION, ETC. (IMPRINT)
Place of publication, distribution, etc. Dar Es Salaam
Name of publisher, distributor, etc. Bank of Tanzania
Date of publication, distribution, etc. 2012
300 ## - PHYSICAL DESCRIPTION
Extent 729p.
Dimensions 21cm
650 ## - SUBJECT ADDED ENTRY--TOPICAL TERM
Source of heading or term The Sixteenth Conference of Financial Institution Held at Arusha
942 ## - ADDED ENTRY ELEMENTS (KOHA)
Source of classification or shelving scheme
Koha item type BOOKS
Holdings
Withdrawn status Lost status Source of classification or shelving scheme Damaged status Not for loan Home library Current library Date acquired Total Checkouts Barcode Date last seen Price effective from Koha item type
          Mwanza Mwanza 15/04/2020   1000002807 15/04/2020 15/04/2020 BOOKS

IRDP © 2019 :: Managed by IRDP ICT Unit